000 00706nam a22002177a 4500
005 20150708110017.0
008 140714b xxu||||| |||| 00| 0 Urdu d
010 _aUR-9175
020 _c150.00
035 _aU-7730
037 _bBPPD/Pub/Ven
040 _aDPL
_bUrdu
082 _a841
100 _aتقی عسکر ی و لا
245 _aبسا ط فکر
_cتقی عسکر ی و لا
246 h _aBisat-e-Fikr
_bBy Mohtaram Taqi Askari Wala
260 _bAtiyab Publishing House
_c2010
_aHyderabad
270 _aAdeel Computer Grafix And Printers,Jamal Market, Chhatta Bazar,
_bHyderabad
_k9394029714
_e 2
300 _a136ص
_c22Cm (Hb)
942 _2ddc
_cUR
_e
_h841
_mت ق ی
999 _c94723
_d94723